| 000 | 004410000a22001810004500 | ||
|---|---|---|---|
| 003 | MACL | ||
| 005 | 20150707155809.0 | ||
| 008 | 150707b xxu||||| |||| 00| 0 eng d | ||
| 040 |
_aMACL _cMACL |
||
| 041 | _aEnglish | ||
| 082 | _a307/SEN | ||
| 100 |
_aSen, Bimla _9835 |
||
| 245 |
_aWomen Power _bThe Changing Scenario |
||
| 260 |
_bBetter Books _c2007 _aNew Delhi |
||
| 350 | _a495 | ||
| 650 |
_aSociology _919 |
||
| 942 |
_cBK _k307/SEN _2ddc |
||
| 999 |
_c42627 _d42627 |
||